| 000 | 00592nam a22001937a 4500 | ||
|---|---|---|---|
| 003 | BD-DhUL | ||
| 005 | 20160831131037.0 | ||
| 008 | 160831b xxu||||| |||| 00| 0 eng d | ||
| 040 |
_aBD-DhUL _cBD-DhUL |
||
| 082 |
_a927.8 _bRAR |
||
| 100 | 1 | _aরবিশঙ্কর | |
| 245 | 1 | 0 |
_aরাগ-অনুরাগ / _cরবিশঙ্কর |
| 260 |
_aকলকাতা : _bআনন্দ, _cc ১৯৮০ |
||
| 300 |
_a১৯৫ পৃ. : _bচিত্র ; _c২৪ সেমি |
||
| 365 |
_aIRS _b150.00 |
||
| 650 | 0 | _aজীবনী | |
| 650 | 0 | _aBiography | |
| 942 |
_2ddc _cBK |
||
| 999 |
_c103356 _d103356 |
||